Modern systems analysis and design (Record no. 23928)

000 -LEADER
fixed length control field 01036 a2200205 4500
003 - CONTROL NUMBER IDENTIFIER
control field NUST
005 - DATE AND TIME OF LATEST TRANSACTION
control field 20170621114816.0
008 - FIXED-LENGTH DATA ELEMENTS--GENERAL INFORMATION
fixed length control field 170621b xxu||||| |||| 00| 0 eng d
020 ## - INTERNATIONAL STANDARD BOOK NUMBER
International Standard Book Number 8178087812
040 ## - CATALOGING SOURCE
Original cataloging agency DLC
Language of cataloging DLC
Transcribing agency RCMS
050 ## - LIBRARY OF CONGRESS CALL NUMBER
Classification number 004.21 HOF
082 ## - DEWEY DECIMAL CLASSIFICATION NUMBER
Classification number 004.21 HOF
100 ## - MAIN ENTRY--PERSONAL NAME
Personal name Jeffrey A, Hoffer.
9 (RLIN) 3023
245 ## - TITLE STATEMENT
Title Modern systems analysis and design
Statement of responsibility, etc. Jeffrey A, Hoffer.
250 ## - EDITION STATEMENT
Edition statement 3rd ed.
260 ## - PUBLICATION, DISTRIBUTION, ETC.
Place of publication, distribution, etc. New Delhi, India :
Name of publisher, distributor, etc. Pearson Education,
Date of publication, distribution, etc. 2002.
300 ## - PHYSICAL DESCRIPTION
Extent xxxii, 733 p. :
Other physical details col. ill. ;
Dimensions 29 cm.
500 ## - GENERAL NOTE
General note Includes Index
538 ## - SYSTEM DETAILS NOTE
Display text Shelf # 09, Row # 1, History & Digital Design.
650 ## - SUBJECT ADDED ENTRY--TOPICAL TERM
Topical term or geographic name entry element 1.System design. 2.System analysis.
9 (RLIN) 3024
856 ## - ELECTRONIC LOCATION AND ACCESS
Materials specified Table of Contents Only.
942 ## - ADDED ENTRY ELEMENTS (KOHA)
Koha item type Book
Call number prefix 004.21 HOF
Source of classification or shelving scheme
Classification part 004.21 HOF
Holdings
Withdrawn status Lost status Source of classification or shelving scheme Damaged status Not for loan Permanent Location Current Location Shelving location Date acquired Full call number Barcode Date last seen Price effective from Koha item type
          NUST Baluchistan Campus (NBC) NUST Baluchistan Campus (NBC) General Stacks 04/25/2014 004.21HOF RCMS000291 04/25/2014 04/25/2014 Book
© 2023 Central Library, National University of Sciences and Technology. All Rights Reserved.